Fytochemikálie z odpadkov a vedľajších produktov potravinárskeho priemyslu bakalárska práca CD

Saved in:
Bibliographic Details
Main Author: Lanczová, Adriana
Format: Software Book
Language:Slovak
Published: Bratislava FCHPT STU 2013
Online Access:View in OPAC
Tags: Add Tag
No Tags, Be the first to tag this record!

MARC

LEADER 00000nam a2200000 a 4500
005 20260127133948.0
007 co ugu
008 130927 2013 000 0 slo d
035 |a vtls010546821 
039 9 |y 201309271213  |z mschk03 
040 |a STUSCHK1  |b slo  |c STUSCHK1  |e AACR2 
100 1 |a Lanczová, Adriana 
245 1 |a Fytochemikálie z odpadkov a vedľajších produktov potravinárskeho priemyslu  |b bakalárska práca CD  |c Adriana Lanczová 
260 |a Bratislava  |b FCHPT STU  |c 2013 
300 |a 1 optický disk 
500 |a Obhájené: 10.07.2013 
500 |a Štud. program: Potravinárstvo 
500 |a Štud. odbor: Potravinárstvo 
500 |a Škol. pracovisko: Odd. potravinárskej technológie 
500 |a Evid. číslo: FCHPT-5454-68736 
910 |a SCHK95 
999 |c 974  |d 974